La caída de la casa de Usher

Saved in:
Bibliografiske detaljer
Hovedforfatter: Poe, Edgar Allan (Author)
Format: Bog
Sprog:spansk
Udgivet: Madrid Unidad 1998
Serier:Novelas del verano, 21
Fag:
Tags: Tilføj Tag
Ingen Tags, Vær først til at tagge denne postø!

MARC

LEADER 00000nam a2200000 a 4500
001 UCH6254
003 CL-VaPUC
008 091109e19980000SP |||||||||||||||||spa|d
020 |a 8481300594 
082 0 4 |a 813  |b POE  |2 21 
100 |a Poe, Edgar Allan  |e author  |9 313715 
245 1 3 |a La caída de la casa de Usher 
300 |a 95 p 
942 |c BK 
945 |d 20091109 00:00:00  |a ccalabra 
260 |a Madrid  |b Unidad  |c 1998 
650 0 |a Literatura  |9 259151 
650 0 |a Literatura inglesa  |9 312907 
650 0 |a Escritores ingleses  |9 389424 
650 0 |a Cuentos  |9 308079 
650 0 |a Narrativa  |9 336727 
650 0 |a Lectura  |9 307634 
651 0 |a Estados Unidos  |9 255178 
583 |a last modification  |c 20091109 00:00:00  |k Rodrigo Vera 
490 0 |a Novelas del verano, 21 
999 |c 337184  |d 337182